|
|
|
|
| LEADER |
00000nam a2200000 a 4500 |
| 001 |
vtls001075507 |
| 003 |
SK-MaSNL |
| 005 |
20260301111054.0 |
| 008 |
220511s1994 xo a g 0000p slo |
| 015 |
|
|
|a SNBA1994/07
|
| 020 |
|
|
|a 8088735025
|
| 035 |
|
|
|a SNK000018340
|
| 035 |
|
|
|a urn:nbn:sk:snk-am3hs6c
|
| 035 |
|
|
|a A39D72F5-3AC1-41DB-9F29-6E596BF42B49
|
| 035 |
|
|
|a urn:nbn:sk:snk-am00d7dm
|
| 040 |
|
|
|a SNK
|b slo
|c SNK
|e AACR2
|
| 041 |
0 |
|
|a slo
|
| 044 |
|
|
|a xo
|c SK
|
| 080 |
|
|
|a 885.4-1
|2 1981
|
| 100 |
1 |
|
|a Dobrovičová, Margita,
|d 1953-1994
|4 aut
|9 122722
|
| 245 |
1 |
0 |
|a Neprelistovaná krv
|c Margita Dobrovičová ; graf. upr. Jozef Szabó ; ilustr. Jozef Szabó ; obál. Jozef Szabó
|
| 250 |
|
|
|a 1. vyd.
|
| 260 |
|
|
|a Bratislava
|b Vydavateľstvo Spolku slovenských spisovateľov
|c 1994
|
| 300 |
|
|
|a 77 s.
|b ilustr.
|c 15 cm
|
| 490 |
1 |
|
|a Komorná knižnica Jána Smreka
|v zv. 1
|
| 500 |
|
|
|a Sadzba: KORUND Desk Top
|
| 655 |
|
7 |
|a slovenská poézia
|2 SNKPH
|9 70444
|
| 700 |
1 |
|
|a Szabó, Jozef
|4 bkd
|4 ill
|4 bjd
|9 9221
|
| 830 |
|
0 |
|a Komorná knižnica Jána Smreka
|9 276464
|
| 919 |
|
|
|a 80-88735-02-5
|
| 954 |
|
|
|a beletria pôvodná (slovenská)
|2 lita
|
| 958 |
|
|
|a LX
|
| 958 |
|
|
|a TL
|
| 958 |
|
|
|a SK
|
| 999 |
|
|
|c 705366
|d 707296
|
| 952 |
|
|
|t P60, <05>, [BOOK], {605}
|a SNK
|b SNK
|y PREZ
|7 0
|p 17A0038728
|o snkSE 8791 D1
|0 0
|1 0
|4 0
|d 1997-02-15
|l 0
|r 2004-12-31 00:00:00
|w 2026-02-23
|
| 952 |
|
|
|a SNK
|b SNK
|y PREZ
|7 0
|p 17A0786963
|o snkSE 8791
|0 0
|1 0
|4 0
|d 2012-01-25
|f 1
|l 0
|r 2026-02-23 21:13:48
|w 2026-02-23
|